| 000 | 00531nam a2200181 a 4500 | ||
|---|---|---|---|
| 005 | 20210219152910.0 | ||
| 008 | 991125n 000 0 spa u | ||
| 035 | _aUPN01000066260 | ||
| 222 |
_aCONESCAL: _bREVISTA ESPECIALIZADA EN CONSTRUCCIONES ESCOLARES (MEXICO) |
||
| 245 | _aBrasil : proyecto de gimnasios polivalentes | ||
| 300 | _a42-55 | ||
| 362 | _a1972, no. 23, (mar.) | ||
| 653 | 0 | _aBRASIL | |
| 653 | 0 | _aCONSTRUCCIONES ESCOLARES | |
| 653 | 0 | _aPROYECTOS ARQUITECTONICOS | |
| 904 |
_aAC _b004071 |
||
| 905 | _aArticulo | ||
| 999 |
_c63401 _d63401 |
||